Glimpses Of Northeast India : (Record no. 5072)

MARC details
000 -LEADER
fixed length control field 00526cam a2200193ua 4500
001 - CONTROL NUMBER
control field 5923
005 - DATE AND TIME OF LATEST TRANSACTION
control field 20260515113944.0
008 - FIXED-LENGTH DATA ELEMENTS--GENERAL INFORMATION
fixed length control field 131026n ii |||gr||||Z||||||eng
020 ## - INTERNATIONAL STANDARD BOOK NUMBER
International Standard Book Number 978-93-80261-61-4
040 ## - CATALOGING SOURCE
Transcribing agency MAIN
082 ## - DEWEY DECIMAL CLASSIFICATION NUMBER
Classification number 930.1
100 1# - MAIN ENTRY--PERSONAL NAME
Personal name Sharma,Dhritiman,
Relator term Author.
245 11 - TITLE STATEMENT
Title Glimpses Of Northeast India :
Remainder of title Archaeology /
Statement of responsibility, etc. by Dhritiman Sharma .
260 ## - PUBLICATION, DISTRIBUTION, ETC.
Place of publication, distribution, etc. Guwahati:
Name of publisher, distributor, etc. EBH Publishers,
Date of publication, distribution, etc. 2012.
300 ## - PHYSICAL DESCRIPTION
Extent vii,157p.
653 ## - INDEX TERM--UNCONTROLLED
Uncontrolled term History
653 ## - INDEX TERM--UNCONTROLLED
Uncontrolled term Glimpses Of Northeast Archaeology
942 ## - ADDED ENTRY ELEMENTS (KOHA)
Koha item type Books
Holdings
Withdrawn status Lost status Damaged status Not for loan Home library Current library Shelving location Date acquired Total checkouts Full call number Barcode Date last seen Copy number Price effective from Koha item type
        Naharkatiya College Library Naharkatiya College Library General stacks 09/19/2020   930.1 | SHA 21577 09/19/2020 1 09/19/2020 Books